000 00256nam a2200097Ia 4500
001 741455
005 20250826164200.0
008 250824s9999 xx 000 0 und d
245 0 _aYALTACIKOĞLU YUMSIK
_cSÜLEYMAN TEYEK
260 _bMİLLİ EĞİTİM YAYINLARI
999 _c741455
_d741455